000 01025nam0a22002531 4500
001 rc\3387360
005 20260407142142.0
021 _aRU
_b[69-81823]
035 _a(NLR Aleph) 007537097
090 _a7772784
_c7772784
100 _a20130115d1969 |||y0rusy50 ca
101 0 _arus
102 _aRU
105 _aa z |||||
200 1 _aАльбом рабочих чертежей оборудования для ускоренного метода определения марки цемента
_fМ-во сел. строительства РСФСР. Росгипрооргсельстрой
210 _a[Москва
_cБ. и.
_d1969]
215 _a[24] с.
_cчерт.
_d29х41
606 _aЦемент
_xМарки
_xОпределение
_xОборудование
_2psbo
712 0 2 _a"Росгипрооргсельстрой", институт
_cМосква
_3RU\NLR\AUTH\8810011413
_9520533
801 0 _aRU
_bNLR
_gpsbo
801 1 _aRU
_bELAR
_2rusmarc
852 _aNLR
_j69-10/159
942 _cBOOK
980 _aNB